<The> Relationship between Industry Structure and International Competitiveness: Evidence from a Small Open Economy

Index koncentrácie priemyslu Herfindahl-Hirschmann. Prístup k analýze obchodnej výkonnosti na základe zjavnej komparatívnej výhody (RCA).

Guardado en:
Detalles Bibliográficos
Autor principal: Bobenič Hintošová, Aneta, 1979-
Otros Autores: Hliboká, Lucia
Formato: Capítulo de libro
Lenguaje:inglés
Materias:
Etiquetas: Agregar Etiqueta
Sin Etiquetas, Sea el primero en etiquetar este registro!

MARC

LEADER 00000nla a2200000 4500
001 0211331
005 20240502083528.4
041 0 |a eng 
044 |a RO 
245 1 0 |a <The> Relationship between Industry Structure and International Competitiveness: Evidence from a Small Open Economy  |c Aneta Bobenič Hintošová, Lucia Hliboká 
520 |a Index koncentrácie priemyslu Herfindahl-Hirschmann. Prístup k analýze obchodnej výkonnosti na základe zjavnej komparatívnej výhody (RCA). 
610 2 0 |a štruktúra ekonomiky odvetvová 
610 2 0 |a indexy 
610 2 0 |a konkurencieschopnosť 
610 2 0 |a výhody komparatívne 
610 2 0 |a koncentrácia 
100 1 |a Bobenič Hintošová, Aneta, 1979- 
700 1 |a Hliboká, Lucia